Top 18 Ewige Tabelle der Fußball-Bundesliga - Sudden Death - Statistiken

Allgemein
  • Dieses Quiz wurde 163 mal gespielt
  • Das Durchschnittsergebnis liegt bei 11 aus 18
Answers on the Grid
Answers color-coded by a green-red scale on the quiz's grid according to % correct below.
Werder Bremen
TSG 1899 Hoffenheim
Hansa Rostock
MSV Duisburg
1. FC Köln
FC Schalke 04
Hannover 96
Fortuna Düsseldorf
VfL Wolfsburg
1. FSV Mainz 05
Eintracht Frankfurt
Bayern München
TSV 1860 München
Borussia Dortmund
Hertha BSC
Karlsruher SC
Union Berlin
1. FC Kaiserslautern
SC Freiburg
FC Augsburg
RB Leipzig
Eintracht Braunschweig
Hamburger SV
Borussia Mönchengladbach
VfL Bochum
KFC Uerdingen
VfB Stuttgart
1. FC Nürnberg
Bayer 04 Leverkusen
Arminia Bielefeld
 
Antwortstatistiken
Antwort % Korrekt
Werder Bremen
91%
FC Schalke 04
86%
1. FC Köln
83%
Bayern München
83%
Borussia Dortmund
82%
Eintracht Frankfurt
80%
VfB Stuttgart
75%
Bayer 04 Leverkusen
72%
Borussia Mönchengladbach
71%
Hamburger SV
67%
1. FC Kaiserslautern
53%
Hertha BSC
47%
VfL Wolfsburg
46%
1. FC Nürnberg
44%
Hannover 96
40%
SC Freiburg
39%
VfL Bochum
29%
MSV Duisburg
21%
Keine übereinstimmenden Quizze gefunden
Verteilung der Resultate
Anzahl Personen mit jedem Resultat
Perzentil nach korrekt beantworteten Fragen
Ihre Resultats-Entwicklung
Sie haben dieses Quiz noch nicht gespielt